| 000 | 00589nam a22001937a 4500 | ||
|---|---|---|---|
| 003 | LK-CoMWRAF | ||
| 005 | 20231230152519.0 | ||
| 008 | 231114b |||||||| |||| 00| 0 eng d | ||
| 040 |
_aLK-CoMWRAF _dLK-CoMWRAF _eLK-CoMWRAF |
||
| 041 | _aeng | ||
| 082 |
_a808.042 _bHAI |
||
| 100 | _aHairston, Maxine et al. | ||
| 245 | _aThe Scott, foresman handbook for writers | ||
| 250 | _a3rd Edition | ||
| 260 |
_aNew York : _bHarperCollins publishers, _c1993 |
||
| 650 | _aEnglish language--Rhetoric--Handbooks, manuals, | ||
| 650 | _aEnglish language--Grammar--Handbooks, manuals | ||
| 942 | _cBK | ||
| 999 |
_c4082 _d4082 |
||